[Event "Titled Tuesday intern op 01st Aug Early"]
[Site "Chess.com INT"]
[Date "2023.08.01"]
[Round "2"]
[White "Castor, David"]
[Black "Parfenov, Viktor N"]
[Result "0-1"]
[WhiteElo "1991"]
[BlackElo "2193"]
[PlyCount "64"]
[EventDate "2023.08.01"]
[EventType "swiss (blitz)"]
[EventRounds "11"]
[EventCountry "USA"]
[SourceTitle "EXT 2024"]
[Source "ChessBase"]
[SourceDate "2023.10.10"]
[SourceVersion "1"]
[SourceVersionDate "2023.10.10"]
[SourceQuality "1"]

1. d4 Nf6 2. Nc3 d5 3. Bf4 c5 4. e4 Nxe4 5. Nxe4 dxe4 6. dxc5 Qa5+ 7. c3 Qxc5 8. Qa4+ Nc6 9. Qxe4 Bf5 10. Qa4 e5 11. Be3 Qa5 12. Qxa5 Nxa5 13. 0-0-0 Nc6 14. Bb5 Be7 15. Rd5 f6 16. f4 Be4 17. Rd2 exf4 18. Bxf4 Rd8 19. Rxd8+ Kxd8 20. Nf3 Kc8 21. Rd1 Rd8 22. Bc4 Bf5 23. h3 h5 24. Bd5 Bc5 25. Bxc6 Rxd1+ 26. Kxd1 bxc6 27. Kd2 Be4 28. Be3 Bd6 29. Ke2 a6 30. Bd4 Kd7 31. Ke3 Bd5 32. Bb6 Bxa2 0-1

[Event "Titled Tuesday intern op 01st Aug Early"]
[Site "Chess.com INT"]
[Date "2023.08.01"]
[Round "11"]
[White "Vargas, Mauricio"]
[Black "Castor, David"]
[Result "0-1"]
[WhiteElo "2035"]
[BlackElo "1991"]
[PlyCount "62"]
[EventDate "2023.08.01"]
[EventType "swiss (blitz)"]
[EventRounds "11"]
[EventCountry "USA"]
[SourceTitle "EXT 2024"]
[Source "ChessBase"]
[SourceDate "2023.10.10"]
[SourceVersion "1"]
[SourceVersionDate "2023.10.10"]
[SourceQuality "1"]

1. e4 c6 2. Nc3 d5 3. d3 dxe4 4. Nxe4 Nf6 5. Nxf6+ exf6 6. Ne2 Bd6 7. g3 Bg4 8. Bg2 Nd7 9. h3 Bh5 10. g4 Bg6 11. Ng3 0-0 12. Ne4 Re8 13. 0-0 Bc7 14. Bd2 f5 15. Ng5 fxg4 16. hxg4 Nf6 17. f4 h6 18. Nh3 Qd6 19. Qf3 Be4 20. dxe4 Qxd2 21. Rf2 Bb6 22. e5 Bxf2+ 23. Nxf2 Nd5 24. Qd3 Qxd3 25. cxd3 Ne3 26. Bf3 Nc2 27. Rc1 Nd4 28. Rc4 Rad8 29. Kg2 Nxf3 30. Kxf3 Rd7 31. Ke4 Red8 0-1

[Event "Titled Tuesday intern op 25th Jul Early"]
[Site "Chess.com INT"]
[Date "2023.07.25"]
[Round "9"]
[White "Castor, David"]
[Black "Samaganova, Alexandra"]
[Result "1-0"]
[WhiteElo "1991"]
[BlackElo "1827"]
[PlyCount "71"]
[EventDate "2023.07.25"]
[EventType "swiss (blitz)"]
[EventRounds "11"]
[EventCountry "USA"]
[SourceTitle "EXT 2024"]
[Source "ChessBase"]
[SourceDate "2023.10.10"]
[SourceVersion "1"]
[SourceVersionDate "2023.10.10"]
[SourceQuality "1"]

1. d4 Nf6 2. Nc3 e6 3. e4 d5 4. exd5 exd5 5. Bg5 Be7 6. Bd3 h6 7. Bh4 c5 8. dxc5 0-0 9. Nf3 Nc6 10. h3 Bxc5 11. 0-0 Be6 12. a3 Be7 13. Ne2 Rc8 14. Nf4 Qd7 15. Nxe6 Qxe6 16. Re1 Qd7 17. Bb5 Qc7 18. Bxc6 bxc6 19. Nd4 Rfe8 20. Nf5 Bd8 21. Rxe8+ Nxe8 22. Qg4 Bxh4 23. Qxh4 Qe5 24. Ne7+ Kf8 25. Nxc8 Qc7 26. Re1 f6 27. Ne7 Nd6 28. Ng6+ Kg8 29. Qg4 f5 30. Qe2 Kh7 31. Qe6 Ne4 32. Nf8+ Kh8 33. Nd7 Qf4 34. Qe8+ Kh7 35. Nf8+ Kg8 36. Ne6+ 1-0

[Event "Titled Tuesday intern op 18th Jul Early"]
[Site "Chess.com INT"]
[Date "2023.07.18"]
[Round "3"]
[White "Castor, David"]
[Black "Toman, Ondrej"]
[Result "0-1"]
[WhiteElo "1991"]
[BlackElo "2304"]
[PlyCount "94"]
[EventDate "2023.07.18"]
[EventType "swiss (blitz)"]
[EventRounds "11"]
[EventCountry "USA"]
[SourceTitle "EXT 2024"]
[Source "ChessBase"]
[SourceDate "2023.10.10"]
[SourceVersion "1"]
[SourceVersionDate "2023.10.10"]
[SourceQuality "1"]

1. d4 Nf6 2. Nc3 e6 3. e4 d5 4. exd5 exd5 5. Bg5 c6 6. Bd3 h6 7. Bh4 Be7 8. Nf3 0-0 9. h3 Ne4 10. Bxe7 Qxe7 11. 0-0 Nxc3 12. bxc3 Nd7 13. Re1 Qf6 14. c4 dxc4 15. Bxc4 Nb6 16. Bb3 Bf5 17. Ne5 Rad8 18. c3 Nd5 19. Qf3 Rfe8 20. g4 Bc8 21. Bxd5 Rxd5 22. Qxf6 gxf6 23. Nd3 Rdd8 24. Rxe8+ Rxe8 25. Re1 Rxe1+ 26. Nxe1 f5 27. f3 Kg7 28. Kf2 Kf6 29. Kg3 Be6 30. a3 fxg4 31. hxg4 Bc4 32. Kf4 a5 33. Ng2 Bd3 34. Ne3 Ke6 35. Kg3 f5 36. Kf4 fxg4 37. Nxg4 h5 38. Ne5 Be2 39. Ke3 Bd1 40. Nd3 h4 41. Nc5+ Kd5 42. Kd3 Bxf3 43. c4+ Kd6 44. Nxb7+ Kc7 45. Nxa5 h3 46. Ke3 h2 47. Kxf3 h1Q+ 0-1

[Event "Titled Tuesday intern op 18th Jul Early"]
[Site "Chess.com INT"]
[Date "2023.07.18"]
[Round "8"]
[White "Castor, David"]
[Black "Torres Hernandez, Leslie Carolin"]
[Result "0-1"]
[WhiteElo "1991"]
[BlackElo "1861"]
[PlyCount "64"]
[EventDate "2023.07.18"]
[EventType "swiss (blitz)"]
[EventRounds "11"]
[EventCountry "USA"]
[SourceTitle "EXT 2024"]
[Source "ChessBase"]
[SourceDate "2023.10.10"]
[SourceVersion "1"]
[SourceVersionDate "2023.10.10"]
[SourceQuality "1"]

1. d4 Nf6 2. Nc3 d5 3. Bf4 c6 4. e3 Bf5 5. Nf3 e6 6. Ne5 Nbd7 7. g4 Bg6 8. h4 h5 9. Nxg6 fxg6 10. g5 Ng8 11. Bd3 Ne7 12. Qf3 Qa5 13. 0-0 Nf5 14. Qh3 Be7 15. a3 0-0 16. b4 Qd8 17. Na4 b6 18. Qh2 Kh7 19. c3 Rf7 20. f3 Qf8 21. e4 Nxd4 22. cxd4 Rxf4 23. Qg3 Bd6 24. e5 Be7 25. Qf2 Qf7 26. Nc3 Rf8 27. Be2 c5 28. dxc5 bxc5 29. Kg2 cxb4 30. axb4 Nxe5 31. Bd1 Bxb4 32. Rc1 Nd3 0-1

[Event "Titled Tuesday intern op 18th Jul Early"]
[Site "Chess.com INT"]
[Date "2023.07.18"]
[Round "7"]
[White "Novikova, Margarita"]
[Black "Castor, David"]
[Result "1-0"]
[WhiteElo "1995"]
[BlackElo "1991"]
[PlyCount "61"]
[EventDate "2023.07.18"]
[EventType "swiss (blitz)"]
[EventRounds "11"]
[EventCountry "USA"]
[SourceTitle "EXT 2024"]
[Source "ChessBase"]
[SourceDate "2023.10.10"]
[SourceVersion "1"]
[SourceVersionDate "2023.10.10"]
[SourceQuality "1"]

1. d4 Nf6 2. Bf4 d5 3. c3 c6 4. Nd2 Bf5 5. Qb3 Qb6 6. e3 Nbd7 7. h3 e6 8. Ngf3 c5 9. Nh4 c4 10. Qxb6 axb6 11. Nxf5 exf5 12. Be2 b5 13. g4 fxg4 14. hxg4 b4 15. g5 Ng8 16. Bf3 Nb6 17. e4 Ne7 18. Bd6 bxc3 19. bxc3 dxe4 20. Bxe4 Ned5 21. Bxf8 Kxf8 22. Rh3 Re8 23. 0-0-0 f5 24. gxf6 Nxf6 25. Bxb7 Rb8 26. Bc6 Kf7 27. Rf3 Rhc8 28. Be4 Na4 29. Bc2 Nb6 30. Ne4 Ke7 31. Nc5 1-0

[Event "Titled Tuesday intern op 11th Jul Early"]
[Site "Chess.com INT"]
[Date "2023.07.11"]
[Round "11"]
[White "Gaite, Karen Nerina"]
[Black "Castor, David"]
[Result "1/2-1/2"]
[WhiteElo "1845"]
[BlackElo "1991"]
[PlyCount "82"]
[EventDate "2023.07.11"]
[EventType "swiss (blitz)"]
[EventRounds "11"]
[EventCountry "USA"]
[SourceTitle "EXT 2024"]
[Source "ChessBase"]
[SourceDate "2023.10.10"]
[SourceVersion "1"]
[SourceVersionDate "2023.10.10"]
[SourceQuality "1"]

1. c4 c6 2. Nf3 Nf6 3. Nc3 d5 4. e3 e6 5. d4 Be7 6. Bd3 dxc4 7. Bxc4 b5 8. Bd3 Bb7 9. 0-0 0-0 10. e4 b4 11. Ne2 c5 12. e5 Nfd7 13. Be3 Nc6 14. Qc2 h6 15. dxc5 Ndxe5 16. Be4 Nxf3+ 17. Bxf3 Qc7 18. Rfd1 Rfd8 19. Qe4 Na5 20. Qg4 Bxf3 21. gxf3 Nc4 22. Bxh6 Bf6 23. Ng3 Ne5 24. Qf4 Qc6 25. Nh5 Nxf3+ 26. Kf1 Be5 27. Qe3 Nxh2+ 28. Ke2 Qb5+ 29. Ke1 Bxb2 30. f3 Bc3+ 31. Kf2 gxh6 32. Kg2 Nxf3 33. Qxf3 Qc4 34. Qg3+ Kf8 35. Rac1 Qe4+ 36. Kh2 Qe2+ 37. Kh3 Qxh5+ 38. Kg2 Qe2+ 39. Kh3 Qh5+ 40. Kg2 Qe2+ 41. Kh3 Qh5+ 1/2-1/2

[Event "Titled Tuesday intern op 04th Jul Early"]
[Site "Chess.com INT"]
[Date "2023.07.04"]
[Round "11"]
[White "Castor, David"]
[Black "Alice, Mateus Felizardo Vi"]
[Result "0-1"]
[WhiteElo "1991"]
[BlackElo "2202"]
[PlyCount "70"]
[EventDate "2023.07.04"]
[EventType "swiss (blitz)"]
[EventRounds "11"]
[EventCountry "USA"]
[SourceTitle "EXT 2024"]
[Source "ChessBase"]
[SourceDate "2023.10.10"]
[SourceVersion "1"]
[SourceVersionDate "2023.10.10"]
[SourceQuality "1"]

1. d4 Nf6 2. Nc3 e6 3. Bf4 Bb4 4. Bd2 b6 5. a3 Bxc3 6. Bxc3 Bb7 7. f3 d5 8. e3 0-0 9. Bd3 Nbd7 10. f4 c5 11. Nf3 Ne4 12. Bd2 c4 13. Be2 f5 14. c3 b5 15. g3 a5 16. Ne5 Nxe5 17. fxe5 Qe7 18. 0-0 g5 19. g4 h6 20. gxf5 exf5 21. Bf3 Qe6 22. Bxe4 dxe4 23. Qe2 f4 24. exf4 e3 25. Qxe3 Qd5 26. Qg3 Kh8 27. f5 Qh1+ 28. Kf2 Rxf5+ 29. Ke2 Qe4+ 30. Qe3 Qg4+ 31. Ke1 Rxf1+ 32. Kxf1 Rf8+ 33. Ke1 Be4 34. Qg3 Bd3 35. Bxg5 Qe2# 0-1

[Event "Titled Tuesday intern op 04th Jul Early"]
[Site "Chess.com INT"]
[Date "2023.07.04"]
[Round "4"]
[White "Pandey, Srishti"]
[Black "Castor, David"]
[Result "1-0"]
[WhiteElo "2133"]
[BlackElo "1991"]
[PlyCount "67"]
[EventDate "2023.07.04"]
[EventType "swiss (blitz)"]
[EventRounds "11"]
[EventCountry "USA"]
[SourceTitle "EXT 2024"]
[Source "ChessBase"]
[SourceDate "2023.10.10"]
[SourceVersion "1"]
[SourceVersionDate "2023.10.10"]
[SourceQuality "1"]

1. e4 c6 2. Nf3 d5 3. d3 dxe4 4. dxe4 Qxd1+ 5. Kxd1 Bg4 6. Be2 f6 7. Nfd2 Bxe2+ 8. Kxe2 e5 9. a4 Na6 10. c3 Nc5 11. b4 Ne6 12. Nc4 0-0-0 13. g3 h5 14. Be3 Kb8 15. Nbd2 Nh6 16. h3 Nf7 17. Nb3 Nd6 18. Nbd2 Be7 19. Nxd6 Bxd6 20. Nc4 Bc7 21. b5 Ka8 22. Rhb1 c5 23. a5 Bb8 24. Bc1 Bc7 25. Ne3 Rd7 26. Nd5 Bd8 27. Be3 f5 28. exf5 Rxd5 29. fxe6 e4 30. a6 b6 31. Rd1 Re5 32. Rd7 Rxe6 33. Rad1 Re7 34. Rxd8+ 1-0

[Event "Titled Tuesday intern op 20th Jun Early"]
[Site "Chess.com INT"]
[Date "2023.06.20"]
[Round "11"]
[White "Castor, David"]
[Black "Martin, Lewis"]
[Result "0-1"]
[WhiteElo "1991"]
[BlackElo "2135"]
[PlyCount "96"]
[EventDate "2023.06.20"]
[EventType "swiss (blitz)"]
[EventRounds "11"]
[EventCountry "USA"]
[SourceTitle "EXT 2024"]
[Source "ChessBase"]
[SourceDate "2023.10.10"]
[SourceVersion "1"]
[SourceVersionDate "2023.10.10"]
[SourceQuality "1"]

1. d4 d5 2. Nc3 Nf6 3. Bf4 c6 4. e3 Nbd7 5. Nf3 Nh5 6. Bg5 h6 7. Bh4 g5 8. Ne5 Nxe5 9. dxe5 Ng7 10. Bg3 Nf5 11. Bd3 Bg7 12. Bxf5 Bxf5 13. Qd2 e6 14. 0-0-0 Qc7 15. f4 0-0-0 16. Qd4 c5 17. Qa4 a6 18. e4 dxe4 19. Nxe4 Bxe4 20. Qxe4 Rxd1+ 21. Rxd1 Rd8 22. Rxd8+ Qxd8 23. f5 exf5 24. Qxf5+ Qd7 25. e6 fxe6 26. Qxc5+ Kd8 27. Qd6 Qxd6 28. Bxd6 Kd7 29. Bb4 b5 30. b3 Be5 31. h3 h5 32. g4 hxg4 33. hxg4 Bf4+ 34. Kd1 e5 35. Ke2 Ke6 36. c4 bxc4 37. bxc4 e4 38. Bc3 Kd6 39. Bd4 Kc6 40. a4 Kd6 41. Bf2 Ke5 42. Ba7 Bc1 43. Be3 Ba3 44. Bxg5 Kd4 45. c5 Kc4 46. Be3 Kb3 47. Bd4 Kxa4 48. g5 Bc1 0-1

[Event "AUS-ch"]
[Site "Melbourne"]
[Date "2014.01.03"]
[Round "3"]
[White "Castor, David"]
[Black "Smirnov, Anton"]
[Result "0-1"]
[WhiteElo "2125"]
[BlackElo "2338"]
[PlyCount "70"]
[EventDate "2014.01.02"]
[EventType "swiss"]
[EventRounds "11"]
[EventCountry "AUS"]
[SourceTitle "CBM 158 Extra"]
[Source "ChessBase"]
[SourceDate "2014.02.28"]
[SourceVersion "1"]
[SourceVersionDate "2014.02.28"]
[SourceQuality "1"]

1. d4 Nf6 2. c4 g6 3. Nc3 d5 4. Nf3 Bg7 5. Bg5 0-0 6. Bxf6 Bxf6 7. Nxd5 Bg7 8. e3 c5 9. Nc3 cxd4 10. Nxd4 Nc6 11. Nxc6 bxc6 12. Qxd8 Rxd8 13. Rc1 Rb8 14. b3 Bf5 15. f3 Bh6 16. Kf2 Rd2+ 17. Be2 Bg7 18. Rhd1 Bxc3 19. Rxc3 Rxa2 20. e4 Be6 21. Ke3 c5 22. f4 a5 23. g3 Kg7 24. Rdd3 Rb4 25. g4 a4 26. f5 axb3 27. Rd1 b2 28. Bd3 Ra1 29. Bb1 Rxc4 30. Rxc4 Bxc4 31. Kd2 Ba2 32. Kc2 Rxb1 33. Rxb1 Bxb1+ 34. Kxb1 Kf6 35. fxg6 fxg6 0-1